<?xml version="1.0" encoding="UTF-8"?>
<record
    xmlns:xsi="http://www.w3.org/2001/XMLSchema-instance"
    xsi:schemaLocation="http://www.loc.gov/MARC21/slim http://www.loc.gov/standards/marcxml/schema/MARC21slim.xsd"
    xmlns="http://www.loc.gov/MARC21/slim">

  <leader>01252    a2200241   4500</leader>
  <controlfield tag="001">46008</controlfield>
  <controlfield tag="005">20260407155733.0</controlfield>
  <controlfield tag="008">260407a1985    arg                 spa d</controlfield>
  <controlfield tag="003">AR-UNSa-BCEJYS</controlfield>
  <datafield tag="040" ind1=" " ind2=" ">
    <subfield code="a">AR-UNSa-BCEJYS</subfield>
    <subfield code="b">spa</subfield>
    <subfield code="c">AR-UNSa-BCEJYS</subfield>
  </datafield>
  <datafield tag="080" ind1=" " ind2=" ">
    <subfield code="a">001.891</subfield>
    <subfield code="x">Investigaci&#xF3;n cient&#xED;fica. M&#xE9;todos de investigaci&#xF3;n</subfield>
  </datafield>
  <datafield tag="245" ind1="1" ind2="0">
    <subfield code="a">La investigaci&#xF3;n cient&#xED;fica</subfield>
    <subfield code="p">su estrategia y su filosof&#xED;a</subfield>
  </datafield>
  <datafield tag="020" ind1=" " ind2=" ">
    <subfield code="a">978-84-344-8010-0</subfield>
  </datafield>
  <datafield tag="250" ind1=" " ind2=" ">
    <subfield code="a">2a. ed. corr.</subfield>
  </datafield>
  <datafield tag="264" ind1=" " ind2="1">
    <subfield code="a">Barcelona :</subfield>
    <subfield code="b">Ariel</subfield>
    <subfield code="c">1985</subfield>
  </datafield>
  <datafield tag="300" ind1=" " ind2=" ">
    <subfield code="a">955 p.</subfield>
    <subfield code="c">22 cm.</subfield>
  </datafield>
  <datafield tag="505" ind1=" " ind2=" ">
    <subfield code="a">Parte I: Enfoque e instrumentos: 1. El enfoque cient&#xED;fico &#x2013; 2. Concepto &#x2013; 3. Dilucidaci&#xF3;n  - -  Parte II: Las ideas cient&#xED;ficas: 4. Problema &#x2013; 5. Hip&#xF3;tesis &#x2013; 6. Ley &#x2013; 7. Teor&#xED;a: est&#xE1;tica &#x2013; 8. Teor&#xED;a: din&#xE1;mica - - Parte III: La aplicaci&#xF3;n de las ideas cient&#xED;ficas: de la explicaci&#xF3;n a la acci&#xF3;n: 9. Explicaci&#xF3;n &#x2013; 10. Predicci&#xF3;n &#x2013; 11. Acci&#xF3;n - - Parte IV : La contrastaci&#xF3;n de las ideas cient&#xED;ficas : de la observaci&#xF3;n a la inferencia : 12. Observaci&#xF3;n &#x2013; 13. Medici&#xF3;n &#x2013; 14. Experimento &#x2013; 15. La inferencia cient&#xED;fica. </subfield>
  </datafield>
  <datafield tag="041" ind1=" " ind2=" ">
    <subfield code="a">spa</subfield>
  </datafield>
  <datafield tag="942" ind1=" " ind2=" ">
    <subfield code="c">BK</subfield>
  </datafield>
  <datafield tag="590" ind1=" " ind2=" ">
    <subfield code="a">niveau_biblio:m niveau_hierar:0</subfield>
  </datafield>
  <datafield tag="100" ind1="1" ind2=" ">
    <subfield code="a">Bunge, Mario</subfield>
  </datafield>
  <datafield tag="700" ind1="1" ind2=" ">
    <subfield code="a">Sacrist&#xE1;n, Manuel</subfield>
  </datafield>
  <datafield tag="999" ind1=" " ind2=" ">
    <subfield code="c">4110</subfield>
    <subfield code="d">4110</subfield>
  </datafield>
  <datafield tag="952" ind1=" " ind2=" ">
    <subfield code="0">0</subfield>
    <subfield code="1">0</subfield>
    <subfield code="4">0</subfield>
    <subfield code="7">0</subfield>
    <subfield code="a">BCEJYS</subfield>
    <subfield code="b">BCEJYS</subfield>
    <subfield code="c">16</subfield>
    <subfield code="d">2026-04-07</subfield>
    <subfield code="l">0</subfield>
    <subfield code="o">001.891 B942 2ed.</subfield>
    <subfield code="p">L44155</subfield>
    <subfield code="r">2026-04-07 15:57:33</subfield>
    <subfield code="w">2026-04-07</subfield>
    <subfield code="y">L</subfield>
  </datafield>
  <datafield tag="952" ind1=" " ind2=" ">
    <subfield code="0">0</subfield>
    <subfield code="1">0</subfield>
    <subfield code="4">0</subfield>
    <subfield code="7">0</subfield>
    <subfield code="a">BCEJYS</subfield>
    <subfield code="b">BCEJYS</subfield>
    <subfield code="c">16</subfield>
    <subfield code="d">2026-04-07</subfield>
    <subfield code="l">0</subfield>
    <subfield code="o">001.891 B942 2ed.</subfield>
    <subfield code="p">L44156</subfield>
    <subfield code="r">2026-04-07 15:57:33</subfield>
    <subfield code="w">2026-04-07</subfield>
    <subfield code="y">L</subfield>
  </datafield>
</record>
